The Real Housewives of NJ - Statistics

General Stats
  • This quiz has been taken 39 times
  • The average score is 12 of 15
Answer Stats
Hint Answer % Correct
Gorga Melissa
100%
Giudice Teresa
100%
Manzo Caroline
96%
Staub Danielle
96%
Catania Dolores
85%
Goldschneider Jackie
85%
Aydin Jennifer
81%
Flicker Siggy
81%
Laurtia Jacqueline
78%
Wakile Kathy
78%
Josephs Margaret
78%
Cabral Danielle
74%
Fuda Rachel
74%
Napolitano Nicole
52%
Aprea Teresa
52%
No matching quizzes found
Score Distribution
Percent of People with Each Score
Percentile by Number Answered
Your Score History
You have not taken this quiz